[Event "49th National Challengers ch-IND"]
[Site "Aurangabad IND"]
[Date "2011.06.17"]
[Round "3"]
[White "Kamble,V"]
[Black "Ghosh,D"]
[Result "1-0"]
[WhiteElo "2406"]
[BlackElo "2273"]

1.d4 d5 2.c4 dxc4 3.e4 e5 4.Nf3 exd4 5.Bxc4 Nc6 6.O-O Be6 7.Bxe6 fxe6 8.Qb3 Qd7
9.Qxb7 Rb8 10.Qa6 Nf6 11.Nbd2 Bd6 12.b3 O-O 13.Bb2 Bf4 14.Qd3 Rbd8 15.Nc4 e5
16.Ba3 Rfe8 17.g3 Bh6 18.Kg2 Nh5 19.Nh4 Bg5 20.Nf3 Bh6 21.Rad1 Qg4 22.Kh1 Rd7
23.Qe2 d3 24.Rxd3 Nd4 25.Qd1 Qxe4 26.Re1 Ne2 27.Re3 Rxd1 28.Rxe4 Rxe1+ 29.Nxe1 Nc3
30.Rxe5 Rxe5 31.Nxe5 Nxa2 32.N1d3 Bd2 33.Nc6 a5 34.Nde5 Nf6 35.Nc4 Bb4 36.N6xa5 Bxa3
37.Nxa3 Kf7 38.Kg2 Nb4 39.Nb5 Nbd5 40.Kf3 Ke7 41.Nc6+ Kd7 42.Ne5+ Ke6 43.Nd3 Kd7
44.Nd4 g6 45.h4 Kd6 46.Nb5+ Kc6 47.Nd4+ Kd6 48.Ne2 Nd7 49.Ke4 c5 50.f4 N5f6+
51.Ke3 Nb6 52.Ne5 Nbd5+ 53.Kd3 Nb4+ 54.Kc4 Ne4 55.Nf7+ Kc6 56.Ng5 Nd6+ 57.Kc3 h6
58.Nf3 Ne4+ 59.Kb2 Kd5 60.Nc3+ Nxc3 61.Kxc3 Nc6 62.Kd3 Nb4+ 63.Ke2 Nc6 64.Ke3 Nb4
65.Ne5 g5 66.Nd3 Nc2+ 67.Kd2 Nd4 68.fxg5 hxg5 69.h5 Nf5 70.Nf2 Ke5 71.g4 Nd6
72.Ke3 c4 73.b4 c3 74.Kd3 Kf4 75.h6 Kf3 76.h7 Nf7 77.b5  1-0

[Event "4th Karen Asrian Memorial"]
[Site "Jermuk ARM"]
[Date "2011.06.20"]
[Round "5"]
[White "Pashikian,A"]
[Black "Hayrapetian,O"]
[Result "1/2-1/2"]
[WhiteElo "2643"]
[BlackElo "2390"]

1.d4 d5 2.c4 dxc4 3.e4 Nf6 4.e5 Nd5 5.Bxc4 Nb6 6.Bd3 Nc6 7.Be3 Nb4 8.Be4 f5
9.exf6 exf6 10.Nc3 f5 11.Bf3 Nc4 12.Qe2 Nxe3 13.fxe3 Bd6 14.e4 fxe4 15.Bxe4 O-O
16.Nf3 Bg4 17.O-O-O Qf6 18.Rhf1 Rae8 19.Kb1 Kh8 20.a3 Nc6 21.Qc2 Bf5 22.Rfe1 Bxe4
23.Rxe4 Rxe4 24.Qxe4 a6 25.Re1 Qf5 26.Kc2 Kg8 27.h3 Bg3 28.Re2 h6 29.Kd3 Bd6
30.Qxf5 Rxf5 31.Re8+ Rf8 32.Rxf8+ Kxf8 33.Ke4 Nd8 34.d5 g6 35.Ne5 Bxe5 36.Kxe5 Ke7
37.Ne4 Nf7+ 38.Kd4 b6 39.g4 Nd6 40.h4 Nf5+ 41.Ke5 Nd6 42.b3 Nf7+ 43.Kf4 Nd6
44.h5 g5+ 45.Ke5 Nxe4 46.Kxe4 Ke8  1/2-1/2

[Event "TCh-TUR 2011"]
[Site "Konya TUR"]
[Date "2011.07.01"]
[Round "4"]
[White "Ataman,A"]
[Black "Sirin,A"]
[Result "0-1"]
[WhiteElo "2188"]
[BlackElo "2230"]

1.d4 d5 2.c4 dxc4 3.e4 e5 4.Nf3 exd4 5.Bxc4 Nc6 6.O-O Be6 7.Nbd2 Nf6 8.Bxe6 fxe6
9.e5 Nd5 10.Nb3 Qd7 11.Nfxd4 Nxd4 12.Qxd4 Be7 13.Qg4 O-O-O 14.Bg5 h5 15.Qh4 Bxg5
16.Qxg5 Qf7 17.Rad1 Rh6 18.g3 Rg6 19.Qc1 h4 20.Rd3 Qf5 21.Qd2 Qxe5 22.Nc5 b6
23.Re1 Qf5 24.Ne4 Kb8 25.Nc3 hxg3 26.fxg3 Rf6 27.Ne4 Rh6 28.Qg5 Qf8 29.Rf1 Qh8
30.Rd2 Rh5 31.Qg6 Qh6 32.Qxh6 gxh6 33.Nf6 Rg5 34.Re1 Kc8 35.Rxe6 Rg6 36.Rf2 Nb4
37.Re3 Rd1+ 38.Kg2 Nd3 39.Rf5 Rd2+ 40.Kg1 Nxb2 41.Nd5 Rd6 42.Nc3 Nd1 43.Nxd1 Rxd1+
44.Kf2 R1d2+ 45.Re2 Rxe2+ 46.Kxe2 Re6+ 47.Kf3 c5 48.g4 c4 49.Rf4 b5 50.a4 a6
51.Rf5 Rb6 52.Ke3 Kd7 53.Kd4 Rd6+ 54.Kc5 Rc6+ 55.Kb4 c3 56.axb5 axb5 57.Rf1 c2
58.Rc1 Kd6 59.Kb3 Rc4 60.h3 Ke5 61.h4 Rxg4 62.Rxc2 Kd4 63.Rh2 Ke3 64.Rh3+ Kf2
65.h5 Kg2 66.Rc3 Rg3 67.Rxg3+ Kxg3 68.Kb4 Kg4  0-1

[Event "ch-BEL"]
[Site "Antwerp BEL"]
[Date "2011.07.03"]
[Round "2.1"]
[White "Van der Stricht,G"]
[Black "Malakhatko,V"]
[Result "0-1"]
[WhiteElo "2374"]
[BlackElo "2548"]

1.d4 d5 2.c4 dxc4 3.e4 Nf6 4.e5 Nd5 5.Bxc4 Nb6 6.Bd3 Nc6 7.Be3 Nb4 8.Be4 N4d5
9.Nc3 Nxe3 10.fxe3 g6 11.h4 f5 12.exf6 exf6 13.h5 g5 14.h6 Qe7 15.Qf3 f5
16.Bd3 Qf7 17.Nge2 Bd6 18.e4 O-O 19.e5 Be7 20.d5 c6 21.d6 Bd8 22.O-O-O Qe6
23.g4 Qxe5 24.gxf5 Bxf5 25.Bxf5 Rxf5 26.Qg4 Nd5 27.Nxd5 cxd5 28.Nd4 Rf7 29.Qe6 Bf6
30.Kb1 Rd8 31.Rhe1 Qxd6 32.Qg4 Bxd4 33.Rxd4 Qxh6 34.Re6 Rf1+ 35.Kc2 Rf2+
36.Kb3 Qg7 37.Re1 Rdf8 38.Qe6+ Kh8 39.Qxd5 R2f3+ 40.Kc2 Qg6+ 41.Kc1 Rc8+
42.Rc4 Rxc4+ 43.Qxc4 Qc6  0-1

[Event "XXVI Tadeusza Gniota"]
[Site "Police POL"]
[Date "2011.07.09"]
[Round "6.3"]
[White "Shishkin,Va UKR"]
[Black "Starostits,I"]
[Result "1-0"]
[WhiteElo "2457"]
[BlackElo "2500"]

1.d4 d5 2.c4 dxc4 3.e4 Nf6 4.e5 Nd5 5.Bxc4 Nc6 6.Ne2 Nb6 7.Bd3 g6 8.Nbc3 Bf5
9.Bxf5 gxf5 10.e6 fxe6 11.Nf4 Qxd4 12.Qh5+ Kd7 13.Be3 Qd6 14.Rd1 Nc4 15.Nb5 Qxd1+
16.Qxd1+ Nd6 17.Qb3 e5 18.Nxd6 exf4 19.Nxb7 fxe3 20.Qd5+  1-0

[Event "Lev Polugaevsky Mem"]
[Site "Samara RUS"]
[Date "2011.07.09"]
[Round "5"]
[White "Kholopov,A"]
[Black "Yakovich,V"]
[Result "1-0"]
[WhiteElo "2312"]
[BlackElo "2111"]

1.d4 d5 2.c4 dxc4 3.e4 e5 4.Nf3 Bg4 5.Bxc4 Bb4+ 6.Bd2 Bxd2+ 7.Nbxd2 Qe7 8.Qb3 Nd7
9.Nxe5 Nxe5 10.Qxb7 Rd8 11.dxe5 Nh6 12.Qb5+ Bd7 13.Qa5 Qg5 14.O-O O-O 15.f4 Qh4
16.Qc3 Ng4 17.h3 Nh6 18.Qe3 Bc6 19.Rac1 Ba8 20.Rfd1 Rb8 21.b3 Rb6 22.Qf2 Qh5
23.Re1 Rg6 24.f5 Nxf5  1-0

[Event "5th LCT Open A"]
[Site "Leiden NED"]
[Date "2011.07.10"]
[Round "3"]
[White "Howell,D"]
[Black "Slingerland,F"]
[Result "1-0"]
[WhiteElo "2625"]
[BlackElo "2390"]

1.d4 d5 2.c4 dxc4 3.e4 e5 4.Nf3 exd4 5.Bxc4 Nc6 6.O-O Be6 7.Bxe6 fxe6 8.Qb3 Qd7
9.Qxb7 Rb8 10.Qa6 Nf6 11.Nbd2 Bd6 12.b3 O-O 13.Bb2 e5 14.Rfc1 Rb6 15.Qe2 Kh8
16.Ne1 Ne7 17.Nd3 Ng6 18.Rc4 Qb5 19.Bc1 Rc6 20.f3 Nh5 21.Rxc6 Qxc6 22.Nc4 a5
23.a4 Rb8 24.g3 Nf6 25.Bd2 Bb4 26.Bxb4 axb4 27.a5 Nd7 28.a6 Ra8 29.Ra5 Qe6
30.a7 Ne7 31.Qa2 Nc8 32.Ncxe5 Ncb6 33.Kg2 h6 34.Qc2 c5 35.Nf4 Qe8 36.Nxd7 Nxd7
37.Qc4 Qd8 38.Ra6 Ne5 39.Qxc5 d3 40.Qxe5 d2 41.Rxh6+ Kg8 42.Qe6+ Kf8 43.Ng6+  1-0

[Event "111th ch-SUI"]
[Site "Leukerbad SUI"]
[Date "2011.07.11"]
[Round "5"]
[White "Ovsejevitsch,S"]
[Black "Raetsky,A"]
[Result "1-0"]
[WhiteElo "2589"]
[BlackElo "2425"]

1.d4 d5 2.c4 dxc4 3.e4 Nc6 4.Nf3 Bg4 5.d5 Ne5 6.Bf4 Ng6 7.Bg3 e5 8.Bxc4 a6
9.h3 Bxf3 10.Qxf3 Bd6 11.O-O N8e7 12.Nc3 O-O 13.Rae1 Qd7 14.Qg4 f5 15.exf5 Qxf5
16.Ne4 h6 17.Bb3 Kh8 18.Rc1 Nf4 19.Bxf4 Qxe4 20.Bg3 Qxg4 21.hxg4 Ng6 22.Rfe1 Nf4
23.Bc2 Rad8 24.a3 g5 25.Be4 Kg7 26.Rc3 Rh8 27.Bf3 Kf6 28.Bh2 a5 29.g3 Ng6
30.Kg2 Ne7 31.Be4 a4 32.Bg1 Ra8 33.f3 Ra5 34.Rd3 Rb5 35.Re2 Ra8 36.Bf2 Raa5
37.Be1 Ra8 38.Bc3 Kf7 39.Rd1 Ng8 40.Bd3 Rb6 41.Be1 e4 42.Bxe4 Nf6 43.Bd3 Re8
44.Rc2 Be5 45.Bb4 Kg7 46.Bc4 h5 47.gxh5 Nxh5 48.Re1 Nf6 49.Rce2 Nd7 50.Rxe5 Nxe5
51.Bc3 Kf6 52.Rxe5 Rxe5 53.f4 gxf4 54.gxf4 Kf5 55.fxe5  1-0

[Event "Myrhorod Open A"]
[Site "Myrhorod UKR"]
[Date "2011.07.13"]
[Round "7.28"]
[White "Mamula,Sergey"]
[Black "Yushinov,N"]
[Result "0-1"]
[WhiteElo "1697"]
[BlackElo "2162"]

1.d4 d5 2.c4 dxc4 3.e4 e5 4.d5 Nf6 5.f3 c6 6.dxc6 Qxd1+ 7.Kxd1 Nxc6 8.Bxc4 Bc5
9.Bb5 O-O 10.Bxc6 bxc6 11.a3 Be6 12.Kc2 a5 13.b3 Bd4 14.Bb2 a4 15.bxa4 Rfb8
16.Bxd4 exd4 17.Nd2 Rxa4 18.Ne2 Nd7 19.Nf4 c5 20.Nd5 Bxd5 21.exd5 Nf6 22.Rhb1 Rc8
23.d6 c4 24.Rb5 Ra6 25.Ne4 Nxe4 26.fxe4 Rxd6 27.a4 Re6 28.Re1 f6 29.Rd5 d3+
30.Kc3 Kf7 31.Rd4 Rec6 32.Rb1 Ke6 33.g3 Ke5 34.Rb5+ Rc5 35.Rb7 R8c7 36.Rb8 Ke6
37.h3 h5 38.Rb5 g5 39.Rd5 Rxd5 40.Rxd5 Rd7  0-1

[Event "Najdorf Memorial"]
[Site "Warsaw POL"]
[Date "2011.07.15"]
[Round "2.21"]
[White "Babula,V"]
[Black "Eggink,R"]
[Result "1-0"]
[WhiteElo "2572"]
[BlackElo "1941"]

1.d4 d5 2.c4 dxc4 3.e4 e5 4.Nf3 exd4 5.Bxc4 Nc6 6.O-O Be6 7.Bxe6 fxe6 8.Qb3 Qd7
9.Qxb7 Rb8 10.Qa6 Nf6 11.Nbd2 e5 12.a3 Bd6 13.b4 O-O 14.Ra2 Ne7 15.Ne1 Nh5
16.Nc4 Qc8 17.Qxc8 Rfxc8 18.Nd3 Ng6 19.Rc2 Nf6 20.f3 Nd7 21.Bd2 Be7 22.Rfc1 Kf7
23.g3 Rf8 24.Kg2 a6 25.Na5 Bd6 26.f4 Rbe8 27.Rxc7 Bxc7 28.Rxc7 Ke7 29.Nc5 Rd8
30.f5 Kd6 31.Rc6+ Ke7 32.Bg5+ Nf6 33.fxg6  1-0

[Event "34th Taminco Open"]
[Site "Ghent BEL"]
[Date "2011.07.16"]
[Round "2.7"]
[White "Van der Stricht,G"]
[Black "Kruijf,C"]
[Result "1-0"]
[WhiteElo "2374"]
[BlackElo "1989"]

1.d4 d5 2.c4 dxc4 3.e4 Nf6 4.e5 Nd5 5.Bxc4 Nb6 6.Bd3 Nc6 7.Be3 e6 8.Nc3 Nd5
9.Nf3 Be7 10.O-O O-O 11.Qe2 Ncb4 12.Bb1 b6 13.Rd1 Ba6 14.Qe1 Nxe3 15.Qxe3 Bb7
16.Be4 Bxe4 17.Qxe4 Nd5 18.Nxd5 exd5 19.Qd3 Qd7 20.Rac1 Rfd8 21.Qa6 c5 22.h3 Qc8
23.Qa4 Qd7 24.Qxd7 Rxd7 25.b3 a5 26.a4 Rb8 27.Kf1 Kf8 28.g3 Ke8 29.Rc2 Rc8
30.dxc5 bxc5 31.Nd4 g6 32.Nb5 Rc6 33.Nc3 d4 34.Nb5 Re6 35.Re2 f6 36.exf6 Rxe2
37.Kxe2 Bxf6 38.Kd3 Re7 39.Nd6+ Kd7 40.Ne4 Ke6 41.Rc1 Rc7 42.Rxc5 Rxc5 43.Nxc5+ Kd5
44.Nb7  1-0

[Event "10th Bergamo Open"]
[Site "Bergamo ITA"]
[Date "2011.07.17"]
[Round "5.4"]
[White "Epishin,V"]
[Black "Godena,M"]
[Result "1-0"]
[WhiteElo "2553"]
[BlackElo "2525"]

1.d4 d5 2.c4 dxc4 3.e4 Nc6 4.Nf3 Bg4 5.Bxc4 e6 6.Bb5 Bxf3 7.Bxc6+ bxc6 8.gxf3 c5
9.Be3 cxd4 10.Qxd4 Qxd4 11.Bxd4 Ne7 12.Nd2 Nc6 13.Be3 Bb4 14.Rc1 Ne5 15.Ke2 O-O-O
16.Nb3 a6 17.f4 Nd3 18.Rc6 Kb7 19.Rc4 Be7 20.Na5+ Kc8 21.Nc6  1-0

[Event "Najdorf Memorial"]
[Site "Warsaw POL"]
[Date "2011.07.17"]
[Round "5"]
[White "Kempinski,R"]
[Black "Starostits,I"]
[Result "1/2-1/2"]
[WhiteElo "2600"]
[BlackElo "2500"]

1.d4 d5 2.c4 dxc4 3.e4 Nf6 4.e5 Nd5 5.Bxc4 Nc6 6.Ne2 Bf5 7.a3 e6 8.Nbc3 Nb6
9.Ba2 Qh4 10.Be3 O-O-O 11.Qc1 f6 12.O-O Be7 13.f4 Kb8 14.Qe1 Qxe1 15.Rfxe1 Na5
16.Ng3 Nac4 17.Nxf5 exf5 18.Nd1 fxe5 19.fxe5 c5 20.dxc5  1/2-1/2

[Event "Biel MTO Open"]
[Site "Biel SUI"]
[Date "2011.07.19"]
[Round "2"]
[White "Cheparinov,I"]
[Black "Raetsky,A"]
[Result "1/2-1/2"]
[WhiteElo "2669"]
[BlackElo "2425"]

1.d4 d5 2.c4 dxc4 3.e4 Nf6 4.e5 Nd5 5.Bxc4 Nb6 6.Bd3 Nc6 7.Be3 Nb4 8.Be4 N4d5
9.Ne2 Bg4 10.O-O Qd7 11.Nbc3 c6 12.h3 Bf5 13.Bxf5 Qxf5 14.Ng3 Qg6 15.Nce4 f5
16.exf6 exf6 17.Qf3 O-O-O 18.a3 h5 19.Rac1 h4 20.Ne2 Qh5 21.Qxh5 Rxh5 22.Bd2 Re8
23.f3 f5 24.N4c3 Bd6 25.Rfe1  1/2-1/2

[Event "Czech GM Open A"]
[Site "Pardubice CZE"]
[Date "2011.07.23"]
[Round "2.96"]
[White "Krensing,J"]
[Black "Schueler,He"]
[Result "1/2-1/2"]
[WhiteElo "2315"]
[BlackElo "2216"]

1.d4 d5 2.c4 dxc4 3.e4 Nf6 4.e5 Nd5 5.Bxc4 Nc6 6.Ne2 Bg4 7.f3 Be6 8.Bb3 Qd7
9.Nbc3 O-O-O 10.Ne4 Nb6 11.Nc5 Bxb3 12.axb3 Qf5 13.Be3 e6 14.Qc1 Bxc5 15.Qxc5 Nd5
16.Bd2 Nb6  1/2-1/2

[Event "Czech GM Open A"]
[Site "Pardubice CZE"]
[Date "2011.07.23"]
[Round "2.10"]
[White "Rojicek,V"]
[Black "Lintchevski,D"]
[Result "0-1"]
[WhiteElo "2396"]
[BlackElo "2553"]

1.d4 d5 2.c4 dxc4 3.e4 Nc6 4.Be3 Nf6 5.Nc3 e5 6.d5 Na5 7.Qa4+ c6 8.dxc6 Nxc6
9.Nf3 Bd7 10.Bxc4 Bb4 11.O-O Bxc3 12.bxc3 O-O 13.Qc2 Qe7 14.Bd5 Rac8 15.c4 b6
16.h3 Na5 17.c5 Be6 18.Rad1 Rfe8 19.Qa4 Bd7 20.Qb4 Nc6 21.Qa3 h6 22.Rc1 a5
23.Qb2 Nb4 24.cxb6 Nd3 25.Qd2 Nxc1 26.b7 Rb8 27.Ba7 Ne2+ 28.Qxe2 Nxd5 29.Bxb8 Nf4
30.Qa6 Rxb8 31.Rb1 Be8 32.Kh2 Ne6 33.Qxa5 Rxb7 34.Rxb7 Qxb7 35.Qxe5 Qa8 36.Nd4 Nxd4
37.Qxd4 Qxa2 38.f3 Qe6 39.Qd8 Kh7 40.Qa5 f6 41.Kh1 Qe5 42.Qd2 Bb5 43.Qb4 Qa1+
44.Kh2 Bf1 45.Kg1 Be2+ 46.Kh2 Qe5+ 47.Kg1 Bxf3 48.gxf3 Qg3+  0-1

[Event "19th St Affrique Open"]
[Site "Saint Affrique FRA"]
[Date "2011.07.25"]
[Round "4.42"]
[White "Forest,E"]
[Black "Saez,N"]
[Result "1-0"]
[WhiteElo "1805"]
[BlackElo "1967"]

1.d4 d5 2.c4 dxc4 3.e4 e5 4.d5 Nf6 5.Nc3 Be7 6.Bxc4 O-O 7.Nf3 Bg4 8.a3 c6
9.h3 Bxf3 10.Qxf3 cxd5 11.exd5 Nbd7 12.O-O a6 13.Rd1 Bd6 14.Be3 Re8 15.Rac1 Rc8
16.Ba2 Qe7 17.Bb1 Rc7 18.Bg5 h6 19.Bh4 g5 20.Bg3 Nc5 21.Qf5 Nb3 22.Ne4 Nxe4
23.Rxc7 Bxc7 24.Qxe4 f6 25.Qg6+ Kf8 26.d6 Bxd6 27.Ba2  1-0

[Event "Biel MTO Open"]
[Site "Biel SUI"]
[Date "2011.07.27"]
[Round "9"]
[White "Al Sayed,Mohamad"]
[Black "Stevic,H"]
[Result "1/2-1/2"]
[WhiteElo "2498"]
[BlackElo "2619"]

1.d4 d5 2.c4 dxc4 3.e4 Nc6 4.Nf3 Bg4 5.d5 Ne5 6.Bf4 Ng6 7.Be3 Nf6 8.Nc3 e5
9.Bxc4 Nh4 10.Rg1 Bd6 11.Qa4+  1/2-1/2

[Event "Czech GM Open A"]
[Site "Pardubice CZE"]
[Date "2011.07.27"]
[Round "6.92"]
[White "Krensing,J"]
[Black "Oresky,J"]
[Result "1/2-1/2"]
[WhiteElo "2315"]
[BlackElo "2223"]

1.d4 d5 2.c4 dxc4 3.e4 e5 4.Nf3 exd4 5.Bxc4 Nc6 6.O-O Be6 7.Bxe6 fxe6 8.Qb3 Qd7
9.Qxb7 Rb8 10.Qa6 Nf6 11.Nbd2 Bd6 12.b3 Ng4 13.Bb2 O-O 14.h3 Nge5 15.Nxd4 Nb4
16.Qe2 Nbd3 17.Bc3 Nf4 18.Qd1 Qf7 19.Ne2 Nxh3+ 20.gxh3 Nf3+ 21.Nxf3 Qxf3
22.e5 Bc5 23.Bd4 Rbd8 24.Bxc5 Rxd1 25.Raxd1 Qxe2 26.Bxf8 Kxf8 27.Rfe1 Qxa2
28.Re3 h6 29.Rc1 Qa5 30.Rc4 Kg8 31.Ra4 Qb6 32.Rg4 Qc5 33.Rc4 Qa5 34.Rc6 Kf7
35.b4 Qxb4 36.Rxc7+ Kg6 37.Rxa7 Kh7 38.Rd7 Qb1+ 39.Kg2 Qg6+ 40.Kh2 Qf5 41.Rd2 Qf4+
42.Kg2 Qg5+ 43.Kh1 Qf4 44.Rde2 Qf5 45.Rg3 Qb1+ 46.Kg2 Qf5 47.Rg4 Qd3 48.Re3 Qf5
49.Ree4 Qh5 50.Kg3 Qf5 51.h4 Kh8 52.Rgf4 Qg6+ 53.Kh2 Kh7 54.Re3 Qh5 55.Kg2 Qd1
56.Kh2 Qh5 57.Kg2  1/2-1/2

[Event "Politiken Cup"]
[Site "Helsingor DEN"]
[Date "2011.07.31"]
[Round "3.42"]
[White "Thybo,Jesper Sondergaard"]
[Black "Hansen,Mads3"]
[Result "0-1"]
[WhiteElo "1921"]
[BlackElo "2224"]

1.d4 d5 2.c4 dxc4 3.e4 e5 4.Nf3 exd4 5.Bxc4 Nc6 6.O-O Be6 7.Bb5 Bc5 8.b4 Bb6
9.a4 a5 10.bxa5 Rxa5 11.Bb2 Ne7 12.Na3 O-O 13.Ng5 Qd7 14.Nxe6 Qxe6 15.Nc4 Rxb5
16.axb5 Qxc4 17.bxc6 Nxc6 18.Ra3 Qe6 19.Re1 Rd8 20.e5 Na5 21.Rh3 c5 22.Re4 Nc6
23.Bc1 Ne7 24.Bg5 Ra8 25.Bxe7 Qxe7 26.e6 fxe6 27.g4 c4 28.Qb1 Ra6 29.Rxd4 Bxd4
30.Qxh7+ Kf7 31.Rf3+ Ke8 32.Qg8+ Kd7 33.Rf7 Rc6 34.Rxe7+ Kxe7 35.Qa8 Rc7
36.Qa3+ Bc5 37.Qc3 Ke8 38.Qe5 Kd8 39.Qxe6 Be7 40.Qg8+ Kd7 41.Qd5+ Kc8 42.Qe6+ Kb8
43.Qg8+ Ka7 44.Qe8 b6 45.Qa4+ Kb7 46.f4 c3 47.Qe4+ Kb8 48.Qc2 b5 49.Qe2 Bc5+
50.Kf1 b4 51.Qe8+ Ka7 52.Qb5 Bb6 53.Qxb4 c2 54.Qa4+ Kb7 55.Qe4+ Rc6 56.Qe7+ Ka6
57.Qa3+ Ba5 58.Qc1 Bd2 59.Qa3+ Kb5 60.Qb3+ Bb4 61.Qd3+ Ka4 62.Qa3+  0-1

[Event "Open Women ch-BUL"]
[Site "Vratsa BUL"]
[Date "2011.07.31"]
[Round "9"]
[White "Milutinovic,Stef"]
[Black "Ivanova,Si"]
[Result "1/2-1/2"]
[WhiteElo "1849"]
[BlackElo "1914"]

1.d4 d5 2.c4 dxc4 3.e4 Nf6 4.Nc3 e6 5.Bxc4 Bb4 6.Bd3 c5 7.dxc5 Bxc5 8.Nf3 h6
9.O-O O-O 10.Qe2 Nc6 11.e5 Nd5 12.Qe4 f5 13.exf6 Nxf6 14.Qe2 Nd4 15.Nxd4 Bxd4
16.Bc4 Kh8 17.Bf4 e5 18.Bxe5 Bg4 19.Qe1 Re8 20.Bxf6 Qxf6 21.Qd2 Be5 22.Nd5 Qh4
23.f4 Bd6 24.Rae1 Bc5+ 25.Kh1 Rad8 26.Rxe8+ Rxe8 27.b4 Bd6 28.Ne3 Bc7 29.Nxg4 Qxg4
30.Bd3 Rd8 31.Qe3 Qd7 32.Bc2 Re8 33.Qd3 Qxd3 34.Bxd3 Rd8 35.Be4  1/2-1/2

[Event "37th Badalona Open A"]
[Site "Badalona ESP"]
[Date "2011.08.01"]
[Round "1"]
[White "Volodin,Alek"]
[Black "Ballester Llagaria,L"]
[Result "1-0"]
[WhiteElo "2523"]
[BlackElo "2139"]

1.d4 d5 2.c4 dxc4 3.e4 e5 4.Nf3 exd4 5.Bxc4 Nc6 6.O-O Be6 7.Bb5 Bc5 8.b4 Bb6
9.a4 a6 10.Bxc6+ bxc6 11.a5 Ba7 12.Bb2 Qd6 13.Qd2 Rd8 14.Qg5 g6 15.Ba3 h6
16.Qc1 Ne7 17.Nbd2 Qf4 18.Qc2 Rd7 19.Qd3 O-O 20.Qxa6 Bb8 21.Rfe1 Re8 22.Bb2 Rd6
23.e5 Rd5 24.Ne4 Red8 25.Nf6+ Kg7 26.Nxd5 Nxd5 27.Qb7 d3 28.Nd4 d2 29.Red1  1-0

[Event "50th World Juniors"]
[Site "Chennai IND"]
[Date "2011.08.02"]
[Round "1.14"]
[White "Martinovic,Sa"]
[Black "Gagare,Shar"]
[Result "1-0"]
[WhiteElo "2521"]
[BlackElo "2223"]

1.d4 d5 2.c4 dxc4 3.e4 Nf6 4.e5 Nd5 5.Bxc4 Nb6 6.Bd3 Nc6 7.Be3 Nb4 8.Be4 f5
9.exf6 exf6 10.Nc3 f5 11.Bb1 N4d5 12.Nf3 Bd6 13.Bg5 Qd7 14.O-O O-O 15.a4 a5
16.Ba2 c6 17.Ne5 Bxe5 18.dxe5 Qf7 19.Nxd5 Nxd5 20.Bxd5 cxd5 21.Qd4 f4 22.f3 Ra6
23.Rac1 Be6 24.Rc5 h6 25.Bh4 g5 26.Be1 Rc8 27.Bxa5 Rxc5 28.Qxc5 Rc6 29.Qf2 Bf5
30.Bc3 Rc4 31.Qb6 Be6 32.a5 Qd7 33.Ra1 Rc6 34.Qd4 Rc4 35.Qb6 Rc6 36.Qf2 Kf7
37.g3 fxg3 38.hxg3 Ke8 39.Qa7 Kf7 40.Rf1 Rc4 41.Rd1 Qb5 42.Qe3 Qc5 43.Kf2 Qxe3+
44.Kxe3 h5 45.Ra1 g4 46.Rf1 Ke8 47.Bd4 Rc2 48.Bc3 gxf3 49.Rxf3 Rg2 50.Kd4 h4
51.gxh4 Rg4+ 52.Kc5 Rxh4 53.Kd6 Rh6 54.Rf6 Rxf6 55.exf6 Bg4 56.Bd4 Be2 57.b4  1-0

[Event "8th Ostroda Open"]
[Site "Ostroda POL"]
[Date "2011.08.05"]
[Round "2.2"]
[White "Dobrowolski,M"]
[Black "Budrewicz,K"]
[Result "0-1"]
[WhiteElo "1945"]
[BlackElo "2194"]

1.d4 d5 2.c4 dxc4 3.e4 Nf6 4.Nc3 e5 5.Nf3 exd4 6.Qxd4 Qxd4 7.Nxd4 Bc5 8.Ndb5 Na6
9.Bxc4 c6 10.Na3 b5 11.Be2 b4 12.Bxa6 Bxa6 13.Na4 Bd6 14.Nc2 Nxe4 15.Be3 Bb5
16.f3 Bxa4 17.O-O-O O-O-O 18.fxe4 Rhe8 19.b3 Bb5 20.Nd4 Rxe4 21.Nxb5 cxb5
22.Bxa7 Bf4+ 23.Kb1 Rxd1+ 24.Rxd1 Bxh2 25.Rd2 Bg3 26.Bd4 Be5 27.Bf2 Bc3 28.Rc2 Kb7
29.a3 f5 30.Bc5 Re1+ 31.Rc1 Rxc1+ 32.Kxc1 bxa3 33.Bxa3 b4 34.Kc2 bxa3 35.Kxc3 Kb6  0-1

[Event "15th HZ Open"]
[Site "Vlissingen NED"]
[Date "2011.08.05"]
[Round "8"]
[White "Poetsch,H"]
[Black "Haast,A"]
[Result "1/2-1/2"]
[WhiteElo "2403"]
[BlackElo "2223"]

1.d4 d5 2.c4 dxc4 3.e4 e5 4.Nf3 exd4 5.Bxc4 Bb4+ 6.Nbd2 Nc6 7.O-O Nf6 8.e5 Nd5
9.Nb3 Nb6 10.Bb5 Qd5 11.Bxc6+ bxc6 12.Qxd4 Qxd4 13.Nfxd4 Bd7 14.Bd2 Bxd2
15.Nxd2 c5 16.N4b3 Na4 17.Rfc1 Rb8 18.Ne4 Be6 19.Nbxc5 Nxc5 20.Rxc5 Rxb2
21.Rxc7 O-O 22.Rxa7 Rfb8 23.f3 h6 24.Rc7 Re2 25.Nc3 Rd2 26.Ne4 Re2 27.Nc3 Rd2
28.Kf1 Rbb2 29.Nd1 Rxa2 30.Rxa2 Rxa2 31.Ne3 Ra5 32.f4 g5 33.f5 Rxe5 34.fxe6 Rxe3
35.exf7+ Kf8 36.Rc6 Kxf7 37.Rxh6 Kg7 38.Rd6 Ra3  1/2-1/2

[Event "XX TCh-MKD"]
[Site "Struga MKD"]
[Date "2011.08.10"]
[Round "3"]
[White "Stojanovski,I"]
[Black "Stojanovic,Mih"]
[Result "0-1"]
[WhiteElo "2258"]
[BlackElo "2591"]

1.d4 d5 2.c4 dxc4 3.e4 Nf6 4.Nc3 e5 5.dxe5 Qxd1+ 6.Kxd1 Ng4 7.Ke1 Bc5 8.Nh3 Nxe5
9.f4 Bxh3 10.gxh3 Nd3+ 11.Bxd3 cxd3 12.Nd5 Na6 13.Be3 O-O-O 14.Kf2 Rhe8 15.Nc3 Bxe3+
16.Kxe3 Nc5 17.Kf3 d2 18.e5 Nd3 19.Rab1 g5  0-1

[Event "Olomouc FIDE Open"]
[Site "Olomouc CZE"]
[Date "2011.08.11"]
[Round "9.2"]
[White "Szymanski,M"]
[Black "Dukaczewski,P"]
[Result "1/2-1/2"]
[WhiteElo "2410"]
[BlackElo "2290"]

1.d4 d5 2.c4 dxc4 3.e4 c5 4.d5 e6 5.Nc3 Nf6 6.Bxc4 exd5 7.exd5 a6 8.a4 Bd6
9.Qe2+ Qe7 10.Qxe7+ Kxe7 11.h3 Bf5 12.Nf3 h6 13.O-O Nbd7 14.Re1+ Kd8 15.Be3 Kc7
16.Rac1 Rac8 17.Rcd1 Rhe8 18.Nh4 Bh7 19.Bd3 Bxd3 20.Rxd3 Ne5 21.Rd2 Nc4 22.Rde2 Nxe3
23.fxe3  1/2-1/2

[Event "e2e4 Int Masters B"]
[Site "Sunningdale ENG"]
[Date "2011.08.11"]
[Round "3"]
[White "Brown,An"]
[Black "Rausis,I"]
[Result "0-1"]
[WhiteElo "2202"]
[BlackElo "2510"]

1.d4 d5 2.c4 dxc4 3.e4 e5 4.Nf3 exd4 5.Bxc4 Nc6 6.O-O Be6 7.Bb5 Bc5 8.Nbd2 Ne7
9.Ng5 Qd6 10.e5 Qxe5 11.f4 Qf5 12.Ndf3 d3+ 13.Kh1 O-O-O 14.Nxe6 fxe6 15.Bd2 Bb4
16.Bc4 Bxd2 17.Qxd2 Na5 18.Bxe6+ Qxe6 19.Qxa5 Nc6 20.Qc3 Rd7 21.b4 Qf6 22.Qd2 Qf5
23.Rac1 Rf8 24.Rc4 Qb5 25.Rfc1 Re8 26.Qc3 Re2 27.Rc5 Qa4 28.Qc4 Qxa2 29.Qxa2 Rxa2
30.b5 Nb4 31.Rf5 Re2 32.Rd1 Rd8 33.Kg1 Na2 34.Rd2 Nc3 35.Re5 Rxd2 36.Nxd2 Ne2+
37.Kf2 Nxf4 38.Rf5 Ne6 39.Ke3 b6 40.g4 Rd7 41.h4 h6 42.g5 hxg5 43.hxg5 g6
44.Rf6 Nxg5 45.Rxg6 Re7+ 46.Kxd3 Ne6 47.Kc4 Nc5 48.Nf3 Kb7 49.Nd4 a6 50.Rg8 axb5+
51.Kxb5 Ne4 52.Rb8+ Kxb8 53.Nc6+ Kb7 54.Nxe7 Nd6+ 55.Ka4 c5 56.Nd5 Kc6 57.Ne7+ Kc7
58.Nd5+ Kb7 59.Ne7 Ka6 60.Nc6 b5+ 61.Kb3 Kb6 62.Ne7 Ne4 63.Nd5+ Ka5 64.Ne3 Nf6
65.Ka3 c4 66.Kb2 Kb4 67.Nc2+ Kc5 68.Ka3 Nd5 69.Kb2 b4 70.Ne1 Nf4 71.Nf3 Ne2
72.Ne1 Nd4 73.Ng2 c3+ 74.Kb1 b3 75.Nf4 Kc4 76.Ka1 Nf3 77.Ng2 Kd3  0-1

[Event "20th ZMDI Open A"]
[Site "Dresden GER"]
[Date "2011.08.12"]
[Round "7.4"]
[White "Berczes,D"]
[Black "Jaracz,P"]
[Result "1/2-1/2"]
[WhiteElo "2550"]
[BlackElo "2575"]

1.d4 d5 2.c4 dxc4 3.e4 Nc6 4.Nf3 Bg4 5.d5 Ne5 6.Qd4 Nxf3+ 7.gxf3 Bxf3 8.Rg1 e5
9.Qxc4 Bd6 10.Rxg7 Qh4 11.Nc3 Bg4 12.h3 Bxh3 13.Bg5 Qh5 14.Be2 Bg4 15.Qb5+ Kf8
16.Bxg4 Qh1+ 17.Ke2 Qxa1 18.Rxf7+ Kxf7 19.Qd7+ Ne7 20.Qe6+ Ke8 21.Qd7+ Kf7
22.Qe6+ Ke8 23.Qd7+  1/2-1/2

[Event "24th Panevezys Open"]
[Site "Panevezys LTU"]
[Date "2011.08.12"]
[Round "5.3"]
[White "Sakalauskas,V"]
[Black "Khamitskiy,S"]
[Result "1-0"]
[WhiteElo "2404"]
[BlackElo "2316"]

1.d4 d5 2.c4 dxc4 3.e4 c5 4.d5 Nf6 5.Nc3 b5 6.Bf4 Ba6 7.e5 b4 8.exf6 bxc3
9.bxc3 Qa5 10.fxe7 Bxe7 11.Qd2 O-O 12.Nf3 Nd7 13.d6 Bf6 14.Rc1 Rfe8+ 15.Be2 Rad8
16.O-O Nb6 17.Bg5 Bxg5 18.Nxg5 h6 19.Nxf7 Kxf7 20.Bh5+ Kg8 21.Bxe8 Rxe8 22.Rfe1 Rd8
23.Re7 Bb5 24.Qf4 Be8 25.Qe5 Bf7 26.Rxf7 Kxf7 27.Qe7+ Kg6 28.Qxd8 Qa3 29.Qe8+ Kh7
30.Rd1  1-0

[Event "RTU Open A"]
[Site "Riga LAT"]
[Date "2011.08.12"]
[Round "5"]
[White "Nijs,N"]
[Black "Starostits,I"]
[Result "1/2-1/2"]
[WhiteElo "2278"]
[BlackElo "2500"]

1.d4 d5 2.c4 dxc4 3.e4 Nf6 4.e5 Nd5 5.Bxc4 Nc6 6.Nc3 Be6 7.Bb3 Nxc3 8.bxc3 Bd5
9.Nf3 e6 10.O-O Be7 11.Be3 O-O 12.Nd2 b5 13.a4 a6 14.Bc2 Na5 15.axb5 axb5
16.Qb1 Nc4 17.Bxh7+ Kh8 18.Bd3 Rxa1 19.Qxa1 c5 20.Nxc4 bxc4 21.Bc2 cxd4 22.Bxd4 Qa8
23.Qd1 g6 24.Qg4 Rb8 25.f3 Rb2 26.Be4 Re2 27.Bxd5 Qxd5 28.Rb1 Kg7 29.Kf1 Rd2
30.Qe4 Qa5 31.Re1 Rd3 32.Re3 Qa1+ 33.Kf2 Qb2+ 34.Re2 Qc1 35.Re1 Qa3 36.Re3 Qb2+
37.Re2 Qb5 38.Re3 Qb1 39.Rxd3 cxd3 40.Ke3 Bg5+ 41.f4 Bxf4+ 42.Kxf4 Qc1+ 43.Be3 d2
44.Qf3 Qc2 45.Bxd2 Qxd2+ 46.Kg4 Kg8 47.h4 Qe1 48.Qg3 Qe4+ 49.Kh3 Kf8 50.Kh2 Ke8
51.Qg5 Qc4 52.Qg3 Qe4 53.Qg5 Qc4 54.Qg3  1/2-1/2